| 000 | 00396nam a22001697a 4500 | ||
|---|---|---|---|
| 003 | SGT | ||
| 020 | _a9789352705481 | ||
| 082 |
_a617.7 _bB19A |
||
| 100 | _aANTONY, J. | ||
| 245 | _aBASIC MEASUREMENTS IN OPHTHALMOLOGY | ||
| 250 | _a1ST | ||
| 260 |
_aINDIA _bJAYPEE PUB _c2019 |
||
| 300 | _a258 | ||
| 650 | _aOPHTHALMOLOGY | ||
| 653 | _aBASIC MEASUREMENTS IN OPHTHALMOLOGY | ||
| 942 |
_2ddc _cBK |
||
| 999 |
_c33641 _d33641 |
||